000
00336 a2200157 4500
001
59351
020
_a
8516011291
040
_c
Anchieta - Pituba
100
_a
Bandeira, Pedro
240
1
0
_a
Pântano de sangue
_l
por
245
1
0
_a
Pântano de sangue
300
_a
144
362
0
_a
1994
650
4
_a
Literatura juvenil
942
_c
BK
999
_c
59351
_d
59351